000 00434nam a2200181Ia 4500
001 698
005 20260306140537.0
008 260306t2008||||xx |||||||||||||| ||spa||
041 _aESP
082 _a142.7
_bF38
100 _aFerrer Santos, Urbano
_eAUT
245 0 _aLa trayectoria fenomenológica de Husserl
260 _c2008
300 _a254 páginas :
_c24 cm.
650 _aGEN
654 _aCHU
942 _cLIB
_dJUS
_fJUS
_2ddc
_n
999 _c698
_d698